| 000 | 01510cam a22003614a 4500 | ||
|---|---|---|---|
| 001 | 15189301 | ||
| 005 | 20090827090626.0 | ||
| 008 | 080220s2010 paua b 001 0 eng | ||
| 020 | _a1416031219 | ||
| 020 | _a9781416031215 | ||
| 040 |
_aDNLM/DLC _cDLC _dNLM _dBTCTA _dOCLCG _dC#P _dYDXCP _dDLC |
||
| 042 | _apcc | ||
| 050 | 0 | 0 |
_aRB111 _b.R62 2010 |
| 082 | 0 | 0 |
_a616.07 _222 _bROB |
| 245 | 0 | 0 | _aRobbins and Cotran Pathologic Basis of Disease. |
| 246 | 3 | 0 | _aPathologic basis of disease |
| 250 |
_a8th ed. / _bVinay Kumar ... [et al.] ; with illustrations by James A. Perkins. |
||
| 260 |
_aPhiladelphia, PA : _bSaunders/Elsevier, _cc2010. |
||
| 300 |
_axiv, 1450 p. : _bill. (chiefly col.) ; _c29 cm. |
||
| 500 | _a"Student consult"--Cover. | ||
| 504 | _aIncludes bibliographical references and index. | ||
| 541 | _aDonation from Baccah | ||
| 650 | 0 |
_aPathology. _930040 |
|
| 650 | 1 | 2 |
_aPathology. _930041 |
| 653 |
_bPharmacy _cJune2012 |
||
| 700 | 1 |
_aRobbins, Stanley L. _q(Stanley Leonard), _d1915- _930042 |
|
| 700 | 1 |
_aKumar, Vinay, _d1944- _930043 |
|
| 700 | 1 |
_aCotran, Ramzi S., _d1932-2000. _930044 |
|
| 942 |
_2ddc _cBB |
||
| 999 |
_c16753 _d16753 |
||